| 000 | 01395nam a22001457a 4500 | ||
|---|---|---|---|
| 999 |
_c18487 _d18487 |
||
| 008 | 231122b ||||| |||| 00| 0 eng d | ||
| 020 | _a9781509800278 | ||
| 082 |
_22017 _aDFic _bSt321 |
||
| 100 |
_aSteel, Danielle. _941707 |
||
| 245 |
_aThe duchess / _cDanielle Steel. |
||
| 260 |
_aNew York : _bPan Books, _c©2017. |
||
| 300 |
_ax, 415 pages ; _c20 cm. |
||
| 520 | _aAngelique Latham has been lovingly raised at Belgrave Castle by her father, the death of her aristocratic French mother. At eighteen she is her father's most trusted child, schooled in managing their magnificent estate. But when he dies, her half-brothers brutally turn her out. To survive, Angelique will need all her resources-her keen mind and remarkable beauty-and one bold stroke of fortune. Unable to secure employment after losing her first job as a nanny, Angelique desperately makes her way to Paris, where she rescue a young woman fleeing an abusive madam-and sees a possibility: Open an elegant house of pleasure that will protect its women and serve only the best clients. With her father's modest bequest, which he left her in secret, and her impeccable style, Angelique creates Le Boudoir, a sensation establishment where powerful men, secret desires, and sophisticated women come together. But living on the edge of scandal, can she ever make a life of her own- or regain her rightful place? | ||
| 942 |
_2ddc _cDFIC |
||